LEADER 02621nam 2200661Ia 450 001 9910462770003321 005 20200520144314.0 010 $a1-4529-4745-7 010 $a0-8166-8880-X 035 $a(CKB)2670000000359251 035 $a(EBL)1204684 035 $a(SSID)ssj0000889853 035 $a(PQKBManifestationID)11478622 035 $a(PQKBTitleCode)TC0000889853 035 $a(PQKBWorkID)10883296 035 $a(PQKB)10048098 035 $a(StDuBDS)EDZ0001177304 035 $a(MiAaPQ)EBC1204684 035 $a(OCoLC)849947729 035 $a(MdBmJHUP)muse30054 035 $a(Au-PeEL)EBL1204684 035 $a(CaPaEBR)ebr10716974 035 $a(CaONFJC)MIL522840 035 $a(OCoLC)846492887 035 $a(EXLCZ)992670000000359251 100 $a20130402d2013 ub 0 101 0 $aeng 135 $aur|n|---||||| 181 $ctxt 182 $cc 183 $acr 200 12$aA love affair with birds$b[electronic resource] $ethe life of Thomas Sadler Roberts /$fSue Leaf 210 $aMinneapolis $cUniversity of Minnesota Press$d2013 215 $a1 online resource (296 p.) 300 $aDescription based upon print version of record. 311 $a0-8166-7564-3 320 $aIncludes bibliographical references and index. 327 $aA fledgling start -- Acquiring an eagle eye -- The young naturalists' society -- College boy -- A gypsy life -- The medical student -- A family man -- The busy physician -- The empty day -- A Florida interlude -- The associate curator -- Gains and losses -- Writing the book -- Building Mr. Bell's museum -- The cardinal hour -- Epilogue. 330 $aA Love Affair with Birds is the first full biography of Thomas Sadler Roberts. Bird enthusiast, doctor, author, curator, educator, conservationist: every chapter in Roberts's life is also a chapter in the state's history, and in his story acclaimed author Sue Leaf-an avid bird enthusiast and nature lover herself-captures a true Minnesota character and his time. 606 $aOrnithologists$zUnited States$vBiography 606 $aOrnithologists$zMinnesota$vBiography 606 $aPhysicians$zMinnesota$vBiography 606 $aBirds$zMinnesota 608 $aElectronic books. 615 0$aOrnithologists 615 0$aOrnithologists 615 0$aPhysicians 615 0$aBirds 676 $a598.092 676 $aB 700 $aLeaf$b Sue$f1953-$0919350 801 0$bMiAaPQ 801 1$bMiAaPQ 801 2$bMiAaPQ 906 $aBOOK 912 $a9910462770003321 996 $aA love affair with birds$92484970 997 $aUNINA LEADER 01992nam 2200577 a 450 001 9910453852103321 005 20210113141217.0 010 $a1-282-16077-X 010 $a9786612160776 010 $a90-272-9598-0 035 $a(CKB)1000000000552783 035 $a(OCoLC)55663730 035 $a(CaPaEBR)ebrary10046619 035 $a(SSID)ssj0000276637 035 $a(PQKBManifestationID)11954817 035 $a(PQKBTitleCode)TC0000276637 035 $a(PQKBWorkID)10226755 035 $a(PQKB)10443760 035 $a(MiAaPQ)EBC622206 035 $a(EXLCZ)991000000000552783 100 $a20150424d2003 uy| 0 101 0 $aeng 135 $aur|||---||||| 181 $ctxt$2rdacontent 182 $cc$2rdamedia 183 $acr$2rdacarrier 200 14$aThe Acquisition of the DP in Modern Greek$b[electronic resource] /$fTheodoros Marinis 210 $aPhiladelphia, PA, USA $cJohn Benjamins Publishing Company$d2003 210 $cJohn Benjamins Publishing Company 215 $a1 online resource (275 p.) 225 1 $aLanguage acquisition & language disorders,$x0925-0123 ;$vv. 31 300 $aBibliographic Level Mode of Issuance: Monograph 311 $a1-58811-450-3 311 $a90-272-2500-1 320 $aIncludes bibliographical references (pages 227-237) and index. 410 0$aLanguage acquisition & language disorders ;$vv. 31. 606 $aLANGUAGE ARTS & DISCIPLINES$2bisac 606 $aGreek language, Modern$xDeterminers 606 $aGreek language, Modern$xNoun phrase 606 $aLinguistics / General$2bisac 615 7$aLANGUAGE ARTS & DISCIPLINES 615 0$aGreek language, Modern$xDeterminers. 615 0$aGreek language, Modern$xNoun phrase. 615 7$aLinguistics / General 700 $aMarinis$b Theodoros$0993097 801 0$bPQKB 801 2$bAzTeS 906 $aBOOK 912 $a9910453852103321 996 $aThe Acquisition of the DP in Modern Greek$92274054 997 $aUNINA